Statistiken für Großstädte von Chile

Klicken Sie hier um das Quiz zu spielen!

Allgemein

  • Dieses Quiz wurde 7 mal gespielt
  • Das Durchschnittsergebnis liegt bei 12 aus 30

Antwortstatistiken

EinwohnerzahlStadt% Korrekt
5.220.161Santiago
100%
334.248Viña del Mar
83%
171.136Puerto Montt
67%
125.932Punta Arenas
67%
263.165Temuco
67%
295.918Valparaíso
67%
354.104Antofagasta
50%
204.078Arica
50%
219.057Concepción
50%
189.065Iquique
50%
200.640La Serena
50%
151.087Los Ángeles
50%
568.094Puente Alto
50%
154.716Valdivia
50%
158.487Calama
33%
164.574Chillán
33%
150.962Copiapó
33%
214.550Coquimbo
33%
132.569Curicó
33%
234.183Rancagua
33%
131.684San Pedro de la Paz
33%
220.357Talca
33%
147.826Osorno
17%
149.596Quilpué
17%
291.610San Bernardo
17%
150.320Talcahuano
17%
105.884Alto Hospicio
0%
118.018Colina
0%
113.074Coronel
0%
125.327Villa Alemana
0%

Verteilung der Resultate

Perzentil nach korrekt beantworteten Fragen

Anzahl Personen mit jedem Resultat

Ihre Resultats-Entwicklung

Sie haben dieses Quiz noch nicht gespielt